Identificació civil : memòria i conclusions de la Comissió especial nomenada per decret del 24 d'agost del 1933 / Generalitat de Catalunya memòria i conclusions de la Comissió especial nomenada per decret del 24 d'agost del 1933 / Generalitat de Catalunya
Descripción Física:
203 p. . il. ; 27 cm
Materias:
Identificació
MARC
| LEADER | 00000nam a2200000Ia 4500 | ||
|---|---|---|---|
| 001 | 1116 | ||
| 008 | 160829s1934 xx 000 0 cat d | ||
| 080 | |a M-3-47 | ||
| 110 | 1 | |a Catalunya. |b Generalitat |9 12125 | |
| 245 | |a Identificació civil : |b memòria i conclusions de la Comissió especial nomenada per decret del 24 d'agost del 1933 / Generalitat de Catalunya | ||
| 260 | |a Barcelona : |b (Imp. de la Casa de Caritat), |c 1934 | ||
| 300 | |a 203 p. . il. ; |c 27 cm | ||
| 650 | |a Identificació |9 23191 | ||
| 901 | |a Arxiu | ||
| 942 | |n 1 | ||
| 952 | |0 0 |1 0 |4 0 |6 M347 |7 1 |9 42605 |a Arxiu |b Arxiu |d 2016-12-01 |l 0 |o M-3-47 |p 1116 |r 2016-12-01 00:00:00 |w 2016-12-01 |y ARXIU | ||
| 999 | |c 45110 |d 45110 | ||